000 00591nam a2200205 a 4500
001 000033671
003 OSt
005 20210628225112.0
008 110905s1965 dr 000 0 spa d
040 _aDO-SdBNP
_bspa
_cBNPHU
082 4 _aRD861.44
_bA388a
100 1 _aAlfonseca, Miguel
_927782
245 1 0 _aArribo de la luz /
_cMiguel Alfonseca.
260 _aSanto Domingo :
_bUASD,
_c1965.
300 _a48 p. ;
_c23 cm.
590 _aInventariado, 2019/VM
710 _aUniversidad Autónoma de Santo Domingo
_976692
910 _aValidado. Control de calidad/MFF
942 _2ddc
_cLF1
999 _c33162
_d33162